Smith v Secretary of State for the Environment, Transport and the Regions (Record no. 73471)
[ view plain ]
| 000 -LEADER | |
|---|---|
| fixed length control field | 02183cam a2200241 4500 |
| 001 - CONTROL NUMBER | |
| control field | ABS67097 |
| 008 - FIXED-LENGTH DATA ELEMENTS--GENERAL INFORMATION | |
| fixed length control field | 030926n2003 000 0 eng u |
| 035 ## - SYSTEM CONTROL NUMBER | |
| System control number | (Sirsi) u123735 |
| 245 ## - TITLE STATEMENT | |
| Title | Smith v Secretary of State for the Environment, Transport and the Regions |
| Medium | [electronic resource] |
| 260 ## - PUBLICATION, DISTRIBUTION, ETC. | |
| Date of publication, distribution, etc. | 2003 |
| 490 ## - SERIES STATEMENT | |
| Series statement | Property, Planning and Compensation Reports |
| Volume/sequential designation | [2002] 2 P&CR 162-182(21) |
| 520 ## - SUMMARY, ETC. | |
| Summary, etc. | [2003] EWCA Civ 262, 5 March 2003. Appellant claimant (S) was a member of an action group who opposed an application by a waste management company to extend planning permission to quarry stone. S appealed against a HC ruling which dismissed an appeal brought under the Town and Country Planning Act 1990 s288. In both appeals, S challenged the decision of first defendant (SoS) who by his Inspector in a decision letter dated 14 March 2001 agreed to extend planning permission subject to certain conditions. The application was supported by an environmental impact statement as required by the Town and Country Planning (Environmental Impact Assessment) (England and Wales) Regulations 1988 as amended. The main issue at appeal was the consideration of the extent to which the Inspector must in granting planning permission make it an obligation of the applicant to carry out measures which would mitigate the impact of the environment and the extent to which the Inspector can leave the obligation to carry out mitigation measures to a third party, in this instance the local planning authority. CA upheld the Inspector's decision on the grounds that he was entitled to set the parameters of the planning permission leaving the mitigation issues to the local planning authority. Appeal dismissed. (See also Abs66625). |
| 590 ## - LOCAL NOTE (RLIN) | |
| Local note | ABS |
| 650 ## - SUBJECT ADDED ENTRY--TOPICAL TERM | |
| Topical term or geographic name entry element | SMITH V SOS ENVIRONMENT |
| 650 ## - SUBJECT ADDED ENTRY--TOPICAL TERM | |
| Topical term or geographic name entry element | ENVIRONMENTAL IMPACT ASSESSMENTS |
| 650 ## - SUBJECT ADDED ENTRY--TOPICAL TERM | |
| Topical term or geographic name entry element | QUARRIES |
| 650 ## - SUBJECT ADDED ENTRY--TOPICAL TERM | |
| Topical term or geographic name entry element | RESERVED MATTERS |
| 650 ## - SUBJECT ADDED ENTRY--TOPICAL TERM | |
| Topical term or geographic name entry element | LOCAL PLANNING AUTHORITIES |
| 650 ## - SUBJECT ADDED ENTRY--TOPICAL TERM | |
| Topical term or geographic name entry element | PLANNING CONDITIONS |
| 690 ## - LOCAL SUBJECT ADDED ENTRY--TOPICAL TERM (OCLC, RLIN) | |
| Topical term or geographic name as entry element | ENVIRONMENTAL AND LAND CONSULTANCY-PLANNING AND DEVELOPMENT |
| 856 ## - ELECTRONIC LOCATION AND ACCESS | |
| Uniform Resource Identifier | <a href="https://www.ipsofactoj.com/international/2004/Part01/int2004(1)-011.htm">https://www.ipsofactoj.com/international/2004/Part01/int2004(1)-011.htm</a> |
| Public note | View judgment at www.ipsofactoj.com |
| 942 ## - ADDED ENTRY ELEMENTS (KOHA) | |
| Suppress in OPAC | 0 |
| Withdrawn status | Lost status | Source of classification or shelving scheme | Damaged status | Not for loan | Home library | Current library | Shelving location | Date acquired | Total Checkouts | Full call number | Barcode | Date last seen | Copy number | Price effective from | Koha item type |
|---|---|---|---|---|---|---|---|---|---|---|---|---|---|---|---|
| Dewey Decimal Classification | London | London | Journal article | 26/09/2003 | ABS67097 | 123735-1001 | 06/08/2019 | 1 | 06/08/2019 | Law report |